| 000 | 01082nam a2200241Ia 4500 | ||
|---|---|---|---|
| 999 |
_c53459 _d53459 |
||
| 001 | 20503 | ||
| 003 | GE_BSU | ||
| 005 | 20210116000128.0 | ||
| 008 | 181216s1959||||ge |||||||||||||| ||geo|| | ||
| 040 | _cGE_BSU | ||
| 041 | _ageo | ||
| 080 | _a811.353.1(072) ძ-63 | ||
| 100 |
_aძიძიგური, ვ. _93813 |
||
| 245 |
_aქართული ენის სწავლების მეთოდიკა დაწყებით სკოლაში / _cვ ძიძიგური ; რედ. ლ.კვაჭაძე. |
||
| 250 | _aმე-4 შევსებული-შესწორებული გამოცემა | ||
| 264 |
_aთბილისი : _bცოდნა, _c1959. |
||
| 300 |
_a403 გვ. ; _c23 სმ. |
||
| 541 | _h1ლ.44თ. | ||
| 653 | _aქართული ენა | ||
| 653 | _aქართული ენის სწავლების მეთოდიკა დაწყებით სკოლაში | ||
| 700 |
_aკვაჭაძე, რ. _eრედაქტორი _910037 |
||
| 942 |
_cBK _2udc |
||